000 00722nam a2200289Ia 4500
005 20260324134440.0
008 008 260324s9999 xx 000 0 eng d
020 _a9781315183862
037 _aEBOOK
040 _aCRL
040 _beng
040 _cCRL
041 _2eng
041 _aeng
084 _qCRL
100 _aLidia Greco
_91196851
245 0 _aIndustrial Redundancies
245 2 _bA Comparative Analysis of the Chemical and Clothing Industries in the UK and Italy
260 _bTaylor and Francis
260 _c2002
365 _a
365 _b130
856 _uhttp://www.taylorfrancis.com/books/9781315183862
942 _cEBOOK
999 _c1796967
_d1796967